000 00684nam a22002177a 4500
003 UA-OsUOA
001 87817
007 ta
008 20120925b un ||||| |||| 00| 0 ukr d
090 _a94(6-13)
_bА72
942 _cBK
040 _aUA-OsUOA
_brus
_cUA-OsUOA
_dUA-OsUOA
245 _aАнтиколониальная борьба и общественная мысль в Тропической и Южной Африке
_cОтв. ред. Туполев Б. М.
300 _a195 с.
955 _a1
041 _arus
080 _a94(6-13)
260 _aМ.
_bНаука
_c1983
650 7 _a9 Географія. Біографії. Історія
_2UDC
999 _c374123
_d374123